Geography Quiz

Random Geography or City Quiz

The 10 most populous cities in the UK by longitude Quiz Stats

Quiz not verified by Sporcle

Challenge
Share
Tweet
Embed
Score 0/40 Timer 15:00
0 Plays Today
Longitude Town % Correct
0-1.90°WLondon
97.8%
1.91-2.90°WBirmingham
95.6%
2.91-4.15°WGlasgow
94.4%
0-1.90°WLeeds
93.3%
2.91-4.15°WEdinburgh
93.3%
1.91-2.90°WManchester
91.1%
2.91-4.15°WLiverpool
90%
2.91-4.15°WCardiff
85.6%
0-1.90°WSheffield
84.4%
1.91-2.90°WBristol
84.4%
4.16-7°39'WBelfast
84.4%
0-1.90°WNottingham
77.8%
2.91-4.15°WSwansea
72.2%
2.91-4.15°WPlymouth
70%
0-1.90°WLeicester
68.9%
0-1.90°WCoventry
65.6%
0-1.90°WDerby
62.2%
0-1.90°WHull
58.9%
0-1.90°WBrighton
57.8%
2.91-4.15°WExeter
55.6%
Longitude Town % Correct
4.16-7°39'WDerry
55.6%
0-1.90°WBradford
54.4%
1.91-2.90°WWolverhampton
51.1%
1.91-2.90°WBath
43.3%
1.91-2.90°WStoke on Trent
42.2%
1.91-2.90°WChester
41.1%
2.91-4.15°WBlackpool
38.9%
1.91-2.90°WGloucester
35.6%
4.16-7°39'WNewry
30%
4.16-7°39'WBangor
28.9%
1.91-2.90°WBournemouth
27.8%
4.16-7°39'WLisburn
27.8%
4.16-7°39'WArmagh
24.4%
4.16-7°39'WEnniskillen
13.3%
4.16-7°39'WBallymena
13.3%
1.91-2.90°WCheltenham
11.1%
4.16-7°39'WLarne
6.7%
2.91-4.15°WBridgend
3.3%
2.91-4.15°WLlandudno
2.2%
4.16-7°39'WHollywood
1.1%

You're not logged in!

Compare scores with friends on all Sporcle quizzes.
Join for Free
OR
Log In

You Might Also Like...

Show Comments

Extras

Top Quizzes Today


Score Distribution

Your Account Isn't Verified!

In order to create a playlist on Sporcle, you need to verify the email address you used during registration. Go to your Sporcle Settings to finish the process.

Report this User

Report this user for behavior that violates our Community Guidelines.

Details: